=LDR 00000nam 2200000 4500 =001 INLIS000000000028470 =005 20130612130756 =008 ***********************************Ind** =035 ##$$0010-061300000028470 =041 ##$$a Ind =082 ##$$a 641 =090 ##$$a 641, Has k =100 ##$$a Hadiwiyoto, Suwedo =245 ##$$a Hasil-hasil olahan susu,ikan, daging, dan telur, Suwedo Hadiwiyoto =260 ##$$a 1983 $b Yogyakarta =300 ##$$a ix, 150, 21 cm =650 ##$$a Makanan dan minuman =850 ##$$a NBPNMAT